<?xml version="1.0" encoding="UTF-8"?>
<marc:record xmlns:marc="http://www.loc.gov/MARC21/slim">
   <marc:leader>00000nam a2200000 a 4500</marc:leader>
   <marc:datafield ind1="1" ind2=" " tag="100">
      <marc:subfield code="a">Aigner, Herta Maria</marc:subfield>
      <marc:subfield code="4">aut</marc:subfield>
      <marc:subfield code="e">Verfasser/-in</marc:subfield>
   </marc:datafield>
   <marc:datafield ind1="0" ind2="0" tag="245">
      <marc:subfield code="a">Von Engeln begleitet</marc:subfield>
   </marc:datafield>
   <marc:datafield ind1="0" ind2="0" tag="245">
      <marc:subfield code="c">Herta Maria Aigner</marc:subfield>
   </marc:datafield>
   <marc:datafield ind1=" " ind2="1" tag="264">
      <marc:subfield code="a">Gelnhausen</marc:subfield>
      <marc:subfield code="b">Wagner</marc:subfield>
   </marc:datafield>
   <marc:datafield ind1=" " ind2=" " tag="250">
      <marc:subfield code="a">1. Aufl.</marc:subfield>
   </marc:datafield>
   <marc:datafield ind1="1" ind2=" " tag="520">
      <marc:subfield code="a">Angaben aus der Verlagsmeldung

Von Engeln begleitet : Das etwas andere Tagebuch / von Herta M Aigner

Dieses Buch will helfen im täglichen Leben Augenblicke der Ruhe zu finden, um Hilfen wahrzunehmen, die uns immer wieder von göttlicher Seite gesandt werden.
Herta Maria Aigner hat in ihrem Buch fast ein Jahr ihres Lebens mit den himmlischen Helfern besprochen und so allgemeine Sorgen und Nöte von Menschen in das Licht göttlicher Liebe gestellt.
Ein Buch, das Vertrauen und Liebe in die Welt bringen will und den Versuch wagt, den Menschen von allen Oberflächlichkeiten im Außen, hin zur heilenden Stimme im Herzen jedes Einzelnen zu führen!
</marc:subfield>
   </marc:datafield>
   <marc:datafield ind1=" " ind2=" " tag="020">
      <marc:subfield code="a">9783866830141</marc:subfield>
      <marc:subfield code="9">9783866830141</marc:subfield>
   </marc:datafield>
   <marc:datafield ind1=" " ind2=" " tag="020">
      <marc:subfield code="a">3866830149</marc:subfield>
      <marc:subfield code="9">3866830149</marc:subfield>
   </marc:datafield>
   <marc:datafield ind1=" " ind2=" " tag="041">
      <marc:subfield code="a">ger</marc:subfield>
   </marc:datafield>
   <marc:datafield ind1=" " ind2=" " tag="300">
      <marc:subfield code="a">406 S.</marc:subfield>
   </marc:datafield>
</marc:record>
